000 00429nam a22001817a 4500
003 NUST
020 _a9788126514137
038 _akhadija
082 _a658.15
_bSAL
100 _aSalvatore, Dominick.
_984922
245 _aInternational Economics /
_cDominick Salvatore
250 _a8th
260 _aNew Delhi:
_bJohn Wiley,
_c2008.
300 _a826p. ;
_b26 cm.
500 _aPaperback.
563 _aPB
942 _cBK
_2ddc
999 _c32687
_d32687